Sight to City: Asia #6 [pic] - Statistics

General Stats
  • This quiz has been taken 11 times
  • The average score is 6 of 16
Answer Stats
Picture Hint Answer % Correct
The Mausoleum of Mustafa Kemal Atatürk / Anıtkabir Ankara
100%
National Museum of Pakistan Karachi
80%
_ Atomic Bomb Museum Nagasaki
80%
Madras High Court Chennai
70%
Canton Tower Guangzhou
70%
Grand Palace / Phra Borom Maha Ratcha Wang Bangkok
60%
Kingdom Centre/Tower Riyadh
40%
Aceh Tsunami Museum Banda Aceh
30%
Kitano-chō Kobe
30%
Citadel of _ / Qalʿat Ḥalab Aleppo
20%
Citadel of _ / Qelat Erbil
10%
Cisterns of Tawila Aden
0%
Dragon Pavilion / Wanshou pavilion Kaifeng
0%
Nuannuan Ande Temple Keelung
0%
Phra Pathom Chedi Nakhon Pathom
0%
Yama-dera Yamagata
0%
No matching quizzes found
Score Distribution
Percent of People with Each Score
Percentile by Number Answered
Your Score History
You have not taken this quiz